000 00851nam a2200217Ii 4500
003 JO-AjNU
008 230605s9999||||xx |||||||||||||| ||und||
017 _a1997/8/1103
040 _aJO-AjNU
_bara
_erda
_cJO-AjNU
041 _aara
050 1 4 _aK3400.T34.1998
100 3 _aالطهراوي، هاني علي ,
_eauthor
_946638
245 0 0 _aالقانون الإداري : ماهية القانون الإداري ، التنظيم الإداري ، النشاط الإداري، الكتاب الأول
250 _aط1
264 3 1 _aعمان : مكتبة دار الثقافة ، 1997
300 _aالكتاب الاول، 341ص
336 _atext
_btxt
_2rdacontent
337 _aunmediated
_bn
_2rdamedia
338 _avolume
_bnc
_2rdacarrier
650 4 _aالعلوم الاجتماعية -- القانون الاداري
_946639
999 _aA20305
_c23873
_d23873